The Twelve Olympians - Statistics

General Stats
  • This quiz has been taken 29 times
  • The average score is 10 of 12
Answer Stats
Hint Answer % Correct
Goddess of beauty and love Aphrodite
100%
God of the sea Poseidon
100%
King of all Gods and Goddesses Zeus
100%
Goddess of hunting, animals, and childbirth Artemis
90%
Goddess of wisdom and defense Athena
90%
Queen of all Gods and Goddesses Hera
90%
God of prophecy, knowledge, music, and poetry Apollo
85%
God of war Ares
85%
God of travel, hospitality, and trade Hermes
85%
God of wine, pleasure, and festivity Dionysus
70%
God of fire, metalworking, and sculpture Hephaestus
70%
Goddess of agriculture and grain Demeter
65%
No matching quizzes found
Score Distribution
Percent of People with Each Score
Percentile by Number Answered
Your Score History
You have not taken this quiz